| 000 | 00883nam a2200217Ia 4500 | ||
|---|---|---|---|
| 001 | 6982 | ||
| 003 | GE_BSU | ||
| 008 | 181216s||||||||xx |||||||||||||| ||und|| | ||
| 040 | _cGE_BSU | ||
| 080 | _a624.012.454 | ||
| 100 | _aАлександровский,С.В. | ||
| 245 | _aРасчет бетонных и железобетонных конструкций на изменения температуры и влажности с учетом ползучести. | ||
| 250 | _aИзд 2-ое, перераб. и доп. | ||
| 260 | _aМ. | ||
| 260 | _bСтройиздат. | ||
| 260 | _c1973. | ||
| 300 | _a432стр. 22см. | ||
| 300 | _eтабл. | ||
| 653 | _aРасчет бетонных и железобетонных конструкций на изменения температуры и влажности с учетом ползучести. | ||
| 942 | _cBK | ||
| 999 |
_c40374 _d40374 |
||